| 000 | 01352nam0a2200337 4500 | ||
|---|---|---|---|
| 001 | RU\NLR\bibl\376293 | ||
| 005 | 20250622152028.0 | ||
| 010 |
_a5-7584-0094-7 _9500 |
||
| 035 | _a(NLR Aleph) 000370758 | ||
| 090 |
_a394144 _c394144 |
||
| 100 | _a20030313d2002 |||y0rusy50 ca | ||
| 101 | 0 | _arus | |
| 102 | _aRU | ||
| 105 | _ay ||||||||| | ||
| 200 | 1 |
_aЯзыковая рефлексия в постсоветскую эпоху _fИ.Т. Вепрева _gМ-во образования Рос. Федерации, Ур. гос. ун-т им. А.М. Горького |
|
| 210 |
_aЕкатеринбург _cИзд-во УрГУ _d2002 |
||
| 215 |
_a378,[1] с. _d20 |
||
| 225 | 1 | _aТолерантность | |
| 320 | _aБиблиогр. в конце кн. | ||
| 606 | 0 |
_aКогнитивная лингвистика _91523672 _3RU\NLR\auth\66662714 |
|
| 606 | 0 |
_aРусский язык _xСловосочетание _92040586 _3RU\NLR\auth\661224772 |
|
| 606 | 0 |
_aРусский язык _xСинтаксис стилистический _91559664 _3RU\NLR\auth\66982528 |
|
| 686 | _aШ100.4 | ||
| 686 | _aШ141.12-221 | ||
| 686 | _aШ141.12-70 | ||
| 700 | 1 |
_aВепрева _bИ. Т. _gИрина Трофимовна _4070 |
|
| 801 | 0 |
_aRU _bNLR _c20030313 _gPSBO |
|
| 801 | 1 |
_aRU _bNLR _c20030313 |
|
| 942 | _cBOOK | ||
| 980 | _aNB | ||